Typing Challenge - Cities - Statistics

General Stats
  • This quiz has been taken 102 times
  • The average score is 20 of 28
Answer Stats
Type This Answer % Correct
Dili Dili
100%
Paris Paris
100%
Pune Pune
100%
Rome Rome
100%
Zibo Zibo
100%
Wuhan Wuhan
98%
Bogota Bogota
96%
Havana Havana
96%
Miami Miami
96%
Seoul Seoul
96%
Almaty Almaty
94%
Manila Manila
94%
New York New York
92%
Beijing Beijing
90%
Algiers Algiers
88%
Caracas Caracas
86%
Auckland Auckland
75%
Gaborone Gaborone
67%
Budapest Budapest
65%
Montreal Montreal
63%
Monterrey Monterrey
49%
Islamabad Islamabad
35%
Zhengzhou Zhengzhou
22%
Amsterdam Amsterdam
18%
Guadalajara Guadalajara
12%
Tallahassee Tallahassee
10%
Antananarivo Antananarivo
8%
Sri Jayawardenepura Kotte Sri Jayawardenepura Kotte
2%
No matching quizzes found
Score Distribution
Percent of People with Each Score
Percentile by Number Answered
Your Score History
You have not taken this quiz